000 00431nam a2200133Ia 4500
008 220217s9999 xx 000 0 und d
100 _aMohammed Abdul Kader, S.S.
245 4 _aThe Impact of rubber plantation insurance scheme in traditional rubber growing tracts of Kerala
260 _bKerala Agricultural University
_a Thrissur
_c1996
300 _a51
500 _aCourse: PGDNRP
700 _aDr AK Krishnakumar
942 _cTS
999 _c74251
_d74251